000 01111nam a2200349 c 4500
001 7631
003 ES-MaCES
005 20150929135410.0
008 980815s1995 xxkd 000 | eng d
020 _a1898128146
035 _aCES19980078241m
040 _aES-MaCES
_bspa
_cES-MaCES
245 0 0 _aUnemployment
_b: choices for Europe
_c[George Alogoskoufis... (et al.)]
260 _aLondon
_bCentre for Economic Policy Research
_c1995
300 _aXI, 147 p.
_bgráf.
_c22 cm
490 1 _aMonitoring European Integration
_v5
504 _aBibliografía: p. 141-147
541 _cCompra
650 4 _amercado de trabajo
_928292
650 4 _adesempleo
_928308
650 4 _asalario
_928387
650 4 _alegislación del trabajo
_927166
653 1 0 _aEmpleo
650 4 _928300
_apolítica de empleo
650 4 _926752
_aUE
700 1 _aAlogoskoufis, George
_95985
710 2 _aCentre for Economic Policy Research (Reino Unido)
_91833
830 0 _aMonitoring European Integration
_v5
_933313
902 _aLIB Libro
942 _2CES
_cBK
_h2.1.
999 _c7631
_d7631